| 000 | 00379nam a2200157Ia 4500 | ||
|---|---|---|---|
| 008 | 230312s9999||||xx |||||||||||||| ||und|| | ||
| 020 | _a0-470-53369-7 | ||
| 082 |
_a720.284 _bCHI-D |
||
| 100 | _aChing;Francis,D.K | ||
| 245 | 0 | _aDesign Drawing | |
| 260 |
_bWilay & Sons _aIndia _c2010 |
||
| 300 | _a408 | ||
| 546 | _aEng. | ||
| 650 |
_aArchitecture _vDesign Drawing |
||
| 942 | _cBK | ||
| 999 |
_c8196 _d8196 |
||